Wszystkie kluby, które zagrały w Lidze Mistrzów - Statystyki

Ogólne statystyki
  • Ten quiz został rozwiązany 6 481 razy
    1 772 od ostatniego zresetowania
  • Średni wynik to 79 z 158
Statystyki odpowiedzi
Państwo Kluby % Poprawnych
Anglia Manchester City
95%
Anglia Manchester United
95%
Anglia Arsenal
92%
Anglia Liverpool
91%
Anglia Chelsea
89%
Polska Legia Warszawa
89%
Francja Paris Saint-Germain
88%
Hiszpania Real Madryt
88%
Hiszpania FC Barcelona
87%
Niemcy Bayer Leverkusen
84%
Francja Olympique Lyon
83%
Anglia Aston Villa
82%
Niemcy Borussia Dortmund
81%
Hiszpania Atletico Madryt
80%
Niemcy Bayern Monachium
80%
Francja Olympique Marsylia
80%
Anglia Tottenham Hotspur
80%
Włochy AC Milan
79%
Holandia Ajax Amsterdam
79%
Niemcy Borussia Mönchengladbach
79%
Portugalia FC Porto
78%
Włochy Inter Mediolan
78%
Włochy Juventus
77%
Ukraina Dynamo Kijów
76%
Portugalia Sporting Lizbona
75%
Szkocja Celtic Glasgow
74%
Czechy Sparta Praga
74%
Portugalia Benfica Lizbona
73%
Dania FC Kopenhaga
73%
Włochy AS Roma
72%
Holandia PSV Eindhoven
71%
Hiszpania Athletic Club
70%
Chorwacja Dinamo Zagrzeb
70%
Polska Widzew Łódź
70%
Szkocja Glasgow Rangers
69%
Włochy SSC Napoli
69%
Anglia Newcastle United
68%
Hiszpania Sevilla
68%
Austria Austria Wiedeń
67%
Turcja Galatasaray SK
67%
Austria Red Bull Salzburg
66%
Hiszpania Valencia
65%
Francja AS Monaco
64%
Czechy Slavia Praga
64%
Grecja AEK Ateny
63%
Rosja CSKA Moskwa
63%
Hiszpania Real Betis
63%
Słowacja Slovan Bratysława
63%
Austria Rapid Wiedeń
62%
Belgia RSC Anderlecht
62%
Belgia Club Brugge
61%
Włochy Lazio
61%
Szwecja Malmö FF
60%
Holandia Feyenoord Rotterdam
59%
Anglia Leicester City
59%
Ukraina Szachtar Donieck
59%
Hiszpania Villarreal
59%
Niemcy RB Lipsk
58%
Hiszpania Real Sociedad
58%
Rosja Zenit Sankt Petersburg
58%
Serbia Crvena zvezda
56%
Belgia KRC Genk
56%
Grecja Olympiakos SFP
56%
Portugalia SC Braga
56%
Szwajcaria Young Boys Berno
56%
Norwegia FK Bodø/Glimt
55%
Turcja Beşiktaş JK
54%
Chorwacja Hajduk Split
54%
Włochy Atalanta BC
53%
Szwajcaria FC Basel
53%
Azerbejdżan Karabach Agdam
53%
Belgia KRC Gent
53%
Niemcy Schalke 04
53%
Niemcy VfL Wolfsburg
53%
Francja Lille OSC
52%
Grecja Panathinaikos
52%
Rosja Spartak Moskwa
52%
Turcja Fenerbahçe SK
50%
Mołdawia Sheriff Tyraspol
50%
Włochy Fiorentina
49%
Finlandia HJK Helsinki
49%
Niemcy Union Berlin
49%
Cypr APOEL Nikozja
48%
Kazachstan FK Astana
48%
Rumunia FCSB
47%
Hiszpania Girona FC
47%
Austria Sturm Graz
47%
Białoruś BATE Borysów
46%
Węgry Ferencváros
45%
Niemcy Hamburger SV
45%
Serbia Partizan Belgrad
45%
Francja RC Lens
45%
Niemcy VfB Stuttgart
45%
Niemcy Werder Brema
45%
Niemcy Eintracht Frankfurt
44%
Hiszpania Deportivo La Coruña
43%
Anglia Leeds United
43%
Hiszpania Málaga CF
43%
Szwajcaria FC Zürich
42%
Włochy Bologna FC 1909
41%
Bułgaria Łudogorec Razgrad
41%
Holandia AZ Alkmaar
40%
Włochy Parma
40%
Anglia Blackburn Rovers
39%
Dania Brøndby IF
39%
Niemcy Hertha BSC
39%
Czechy Viktoria Pilzno
39%
Francja Girondins de Bordeaux
38%
Rosja Lokomotiw Moskwa
38%
Belgia Royal Antwerp
38%
Turcja Trabzonspor
38%
Francja Stade Rennais
37%
Cypr Pafos FC
36%
Norwegia Rosenborg Trondheim
36%
Izrael Hapoel Tel Awiw
35%
Hiszpania Celta Vigo
34%
Francja FC Nantes
34%
Norwegia Molde FK
34%
Słowenia NK Maribor
34%
Francja Stade Brestois 29
33%
Izrael Maccabi Hajfa
32%
Rosja Rubin Kazań
31%
Belgia Standard Liège
31%
Holandia Twente
31%
Włochy Udinese
31%
Szwecja AIK
30%
Francja AJ Auxerre
30%
Kazachstan Kajrat Ałmaty
29%
Francja Montpellier HSC
29%
Hiszpania RCD Mallorca
29%
Izrael Maccabi Tel Awiw
28%
Niemcy TSG 1899 Hoffenheim
28%
Rosja FK Krasnodar
27%
Dania FC Midtjylland
26%
Słowacja MŠK Žilina
26%
Portugalia Boavista
25%
Dania Aalborg BK
24%
Turcja İstanbul Başakşehir
24%
Bułgaria Lewski Sofia
22%
Niemcy 1. FC Kaiserslautern
21%
Rumunia CFR Cluj
21%
Słowacja FC Koszyce
19%
Szwecja IFK Göteborg
19%
Belgia Royale Union Saint-Gilloise
19%
Rosja FK Rostów
18%
Szwajcaria Grasshopper Club Zürich
16%
Cypr Anorthosis Famagusta
14%
Turcja Bursaspor
14%
Węgry Debreceni VSC
13%
Słowacja Artmedia Petržalka
12%
Szwajcaria FC Thun
11%
Holandia sc Heerenveen
11%
Dania FC Nordsjælland
10%
Holandia Willem II
10%
Szwecja Helsingborgs IF
9%
Rumunia Oțelul Gałacz
9%
Rumunia Unirea Urziceni
9%
Belgia Lierse SK
8%
Nie znaleziono quizów pasujących do podanych kryteriów
Rozkład punktacji
Procent ludzi z każdym wynikiem
Percentyl według liczby udzielonych odpowiedzi
Twoja historia wyników
Nie rozwiązałeś tego quizu od ostatniego zresetowania